00000000nam##2200000za#4500
0019.615148
003CaOODSP
00520210929082757
007ta
008150406|2000||||xxc|||||     f|0| 0 eng|d
020 |a0-662-28866-1
022 |a1209-6571
040 |aCaOODSP|beng
043 |an-cn---
0861 |aFo29-47/21-2000E
1101 |aCanada. |bNatural Resources Canada. |bCanadian Forest Service.
24510|aMarketing forestry research and information on the Web : |bthe Canadian Forest Service on-line bookstore / |cby S. G. Glover et al.
260 |aVictoria - British Columbia : |bNatural Resources Canada. |c2000.
300 |a4p. : |bfigs., references ; |c28 cm.
4901 |aTechnology transfer note|x1209-6571|vNo. 21, February 2000
563 |aPamphlet
590 |a00-28|b2000-07-14
69007|aPublishing|2gcpds
69007|aInternet|2gcpds
69007|aForests|2gcpds
7201 |aGlover, S. G.
7760#|tMarketing forestry research and information on the Web : |w(CaOODSP)9.572375
830#0|aTechnology transfer note,|x1209-6571|vNo. 21, February 2000|w(CaOODSP)9.514646